|
|
|
|
| LEADER |
00000nam0a2200000 4500 |
| 001 |
265636 |
| 005 |
20231101233934.0 |
| 020 |
|
|
|a RU
|b 86-83329
|
| 035 |
|
|
|a (RuTPU)RU\TPU\book\288638
|
| 090 |
|
|
|a 265636
|
| 100 |
|
|
|a 20140627d1986 km y0rusy5003 ca
|
| 101 |
0 |
|
|a rus
|
| 102 |
|
|
|a RU
|
| 105 |
|
|
|a a z 001zb
|
| 200 |
1 |
|
|a Иоганнес Брамс
|f Е. М. Царева
|
| 210 |
|
|
|a Москва
|c Музыка
|d 1986
|
| 215 |
|
|
|a 382 с.
|c ил., нот. ил.
|
| 225 |
1 |
|
|a Классики мировой музыкальной культуры
|
| 320 |
|
|
|a Библиогр.: с. 368-369
|
| 320 |
|
|
|a Список произведений И. Брамса: с. 370-377
|
| 320 |
|
|
|a Указ. имен: с. 378-382
|
| 600 |
|
1 |
|a Брамс
|b И.
|c немецкий композитор
|f 1833-1897
|g Иоганнес
|2 stltpush
|3 (RuTPU)RU\TPU\pers\12616
|9 3575
|
| 606 |
1 |
|
|a Композиторы
|2 stltpush
|3 (RuTPU)RU\TPU\subj\15032
|9 41330
|
| 610 |
1 |
|
|a немецкая музыка
|
| 610 |
1 |
|
|a 19 век
|
| 610 |
1 |
|
|a история
|
| 610 |
1 |
|
|a эпистолярное наследие
|
| 675 |
|
|
|a 78.071.1
|z rus
|v 3
|
| 700 |
|
1 |
|a Царева
|b Е. М.
|g Екатерина Михайловна
|4 070
|
| 801 |
|
0 |
|a RU
|b RuMRKP
|c 19950704
|g psbo
|
| 801 |
|
1 |
|a RU
|b 63413507
|c 20140627
|
| 801 |
|
2 |
|a RU
|b 63413507
|c 20170213
|g RCR
|
| 942 |
|
|
|c BK
|